Podnikanie v poľnohospodárskych podnikoch vo väzbe na spoločnú poľnohospodársku politiku

Zásady spoločnej poľnohospodárskej politiky (SPP) krajín Európskej únie. Nástroje SPP. Financovanie výdavkov patriacich do SPP.

Uložené v:
Podrobná bibliografia
Hlavný autor: Šúbertová, Elena
Médium: Kapitola
Jazyk:Slovak
Predmet:
Tagy: Pridať tag
Žiadne tagy, Buďte prvý, kto otaguje tento záznam!

MARC

LEADER 00000naa$a2200000$$$4500
001 0195620
005 20240502073301.9
041 0 |a slo 
044 |a SK 
245 1 0 |a Podnikanie v poľnohospodárskych podnikoch vo väzbe na spoločnú poľnohospodársku politiku  |c Elena Šúbertová 
520 |a Zásady spoločnej poľnohospodárskej politiky (SPP) krajín Európskej únie. Nástroje SPP. Financovanie výdavkov patriacich do SPP. 
610 2 0 |a politika poľnohospodárska spoločná 
610 2 0 |a poľnohospodárstvo 
610 2 0 |a rozvoj vidieka 
610 2 0 |a financovanie 
610 2 0 |a fondy Európskej únie 
610 2 0 |a Slovensko 
610 2 0 |a Európska únia 
100 1 |a Šúbertová, Elena